| 000 | 00507nam a2200181Ia 4500 | ||
|---|---|---|---|
| 001 | 63631 | ||
| 008 | 190819n2012 ii |||gr||||Z||||||465 | ||
| 020 | _a9780821887073 | ||
| 082 | _a512.2 | ||
| 100 |
_aIsaacs, I. Martin , _eAuthor. |
||
| 245 | 0 |
_aCharacter Theory of Finite Groups _cBy I. Martin Isaacs _hTextual Documents |
|
| 250 | _aist Indian ed. | ||
| 260 |
_aRhode Island _bAMS Chelsea Publishing _c2012 |
||
| 300 |
_apg303: _c30cm. |
||
| 653 | _aAlgebra | ||
| 653 | _aMarhematics | ||
| 942 |
_2ddc _cBK |
||
| 999 |
_c64733 _d64733 |
||